000 00525nam a2200169Ia 4500
999 _c35015
_d35015
003 OSt
005 20200131102909.0
008 190216s9999||||xx |||||||||||||| ||und||
040 _coclc
082 _a305.51220954
_bSHA/V
100 _aShariff, Iqbal Ahmed
_91684
245 0 _aV T R Friend Philosopher & Guide /
_cIqbal Ahmed Shariff
260 _bDalit Sahithya Accademy,
_c2009.
_aBangalore:
300 _a127p
650 _aPolitics
942 _cBK
_2ddc
_h305.51220954
_iSHA/V
_k305.51220954
_mSHA/V